| 000 | 02497nam0a2200385 4500 | ||
|---|---|---|---|
| 001 | RU\NLR\BIBL_A\012774907 | ||
| 005 | 20220627142559.0 | ||
| 010 |
_a978-5-17-138845-4 _93000 |
||
| 021 |
_aRU _bКН-П-22-004632 _9КН-П-22-0357 |
||
| 035 | _a(NLR Aleph) 012774907 | ||
| 035 | _a(RuMoRGB)010967721 | ||
| 090 |
_a13104674 _c13104674 |
||
| 100 | _a20220428d2022 c y0rusy50 ca | ||
| 101 | 1 |
_arus _cswe |
|
| 102 | _aRU | ||
| 105 | _aa z 000ay | ||
| 181 | 0 |
_ai _baxxe |
|
| 182 | 0 | _an | |
| 200 | 1 |
_aВ поисках шахмат _e[для младшего школьного возраста] _fКристер Фуглесанг, Йеспер Халль _gперевела со шведского языка Ольга Костанда _gиллюстрации Юнаса Лаурелля |
|
| 203 |
_aТекст _bвизуальный _cнепосредственный |
||
| 210 |
_aМосква _cАванта _cАСТ _d2022 |
||
| 215 |
_a222, [1] с. _cил., цв. ил. _d22 |
||
| 225 | 1 | _aНаучные приключения | |
| 330 | _aКнига шведского астронавта и писателя Кристера Фуглесанга и шахматиста Йеспера Халля - третья из шести увлекательнейших сказок о приключениях учёного дяди Альберта и детей - Маркуса и Марианны. С помощью космического корабля Лунник герои этой книги совершат увлекательное путешествие в прошлое. Они побывают в Древней Индии, Средневековой Англии, Римской империи и узнают историю появления игры в шахматы, а также историю возникновения фигур: слона, ладьи, королевы... и различных ходов, таких, как взятие на проходе, рокировка, вилка, спёртый мат | ||
| 333 | _a0+; 6- | ||
| 686 | 0 | _aШ9(4Шв)60-4 | |
| 700 | 1 |
_7ca _8rus _aФуглесанг _bК. _f1957- _gКристер _9243614 _3RU\NLR\AUTH\770243670 |
|
| 701 | 1 |
_aХалль _bЙ. _gЙеспер |
|
| 702 | 1 |
_aЛаурелль _bЮ. _gЮнас _4440 |
|
| 942 | _cBOOK | ||
| 980 | _aNB | ||